000 00745nam a2200205Ii 4500
003 JO-AjNU
008 230605s9999||||xx |||||||||||||| ||und||
040 _aJO-AjNU
_bara
_erda
_cJO-AjNU
041 _aara
050 1 4 _aBP166.14.M8.I27 1984
100 3 _aالدمشقي، ابن قيم الجوزية,
_eauthor
_912860
245 0 0 _aإجتماع الجيوش الإسلامية على غزو المعطلة والجهمية
250 _aط1
264 3 1 _aبيروت: دار الكتب العلمية، 1984
300 _a224ص
336 _atext
_btxt
_2rdacontent
337 _aunmediated
_bn
_2rdamedia
338 _avolume
_bnc
_2rdacarrier
650 4 _aالجيوش الاسلامية- معطلة- جهمية- علم الكلام
_912861
999 _aA3051
_c6619
_d6619